000 00855nam a2200229 i 4500
001 89678
003 ES-MaACL
005 20250729032045.0
007 t|
008 050112s1958 sp ||||1| spa d
100 1 _aLasso de la Vega Jiménez-Placer, Javier,
_d1892-1990
_970478
245 1 0 _aCómo se hace una tesis doctoral
_b: manual de técnica de la documentación científica y bibliográfica /
_cJavier Lasso de la Vega.
246 3 _aManual de técnica de la documentación científica y bibliográfica
250 _a2ª ed.
260 _aMadrid :
_bMayfe,
_c1958 (
_fE. Minuesa)
300 _aXXIV, 597 p., 3 lám. :
_bil. ;
_c24 cm.
650 _aTesis doctorales.
_917517
650 0 4 _aInvestigación-
_xMetodología.
_9165440
650 0 7 _aDocumentación
_2embne
_911959
852 _aES-MaACL
_jB-4707
999 _c89678
_d89678